00784nam a2200217Ii 45000010005000000030009000050080041000140400033000550410008000880820016000961000034001122450041001462640077001873000012002643360026002763370028003023380027003309400050003579990017004079520142004245878CO-ViMGA241108s9999||||xx |||||||||||||| ||und|| aCO-ViMGAbspaerdacCO-ViMGA0 aunk04a860.09-M8281 aOtto Morales Benítez93015010aMomentos de la literatura colombiana 1a[Lugar de publicación no identificado] : Instituto Caro y Cuervo, 1991 avolumen atextbtxt2rdacontent aunmediatedbn2rdamedia avolumebnc2rdacarrier aidficha_siabuc: 5731. -- ficha_no_siabuc:5878 c54485d54485 001040708001aMEVIGERRbMEVIGERRcGENd2006-11-27hVol.1o860.09-M828pECA5057r2024-11-26 10:41:28tEj.1w2024-11-26yBKz5731 | 8017